000
00312nam a22001457a 4500
008
210521b ||||| |||| 00| 0 eng d
020
_a
9781308319766
041
_a
eng
080
_a
53
082
_a
53
100
_a
43
101
_a
FIZ
245
_a
Physical Science for Tech
_c
Hill,M.G
942
_2
udc
_c
BK
999
_c
57605
_d
57605